L'Estany canta : onze cançons estanyenques / onze cançons estanyenques /
ISBN:
9788409719570
Descripción Física:
51 pàg. ; il·lustracions color ; partitures ; 21 x 23 cm
Idioma:
Catalán
MARC
| LEADER | 00000nam a22000007a 4500 | ||
|---|---|---|---|
| 001 | 28993 | ||
| 003 | AGDB | ||
| 005 | 20260324181538.0 | ||
| 008 | 251104b spa||||| |||| 00| 0 cat d | ||
| 017 | |a B 8971-2025 | ||
| 020 | |a 9788409719570 | ||
| 245 | |a L'Estany canta : |b onze cançons estanyenques / |c Textos: Mireia Barrera ; David Prat | ||
| 250 | |a Primera edició: maig de 2025 | ||
| 260 | |a [Estany] : |b Ajuntament de l'Estany ; |c 2025 | ||
| 300 | |a 51 pàg. ; |b il·lustracions color ; partitures ; |c 21 x 23 cm | ||
| 650 | 0 | |a Goigs catalans |2 Arxiu |9 49007 | |
| 650 | 0 | |a Goigs catalans |z Estany (Catalunya) |9 72744 | |
| 650 | 0 | |a Caramelles |z Estany (Catalunya) |9 72745 | |
| 700 | |a Barrera, Mireia, |d 1967- |9 72741 |e directora musical i textos | ||
| 700 | |a Prat, David |9 72743 |e textos | ||
| 710 | 1 | |a Estany (Catalunya). |b Ajuntament |9 55472 |e editor | |
| 942 | |2 udc |c ARXIU |n 1 | ||
| 952 | |0 0 |1 0 |4 0 |6 BIB1359 |7 1 |9 98594 |a Arxiu |b Arxiu |d 2025-11-04 |l 0 |o Bib-1359 |p 28996 |r 2025-11-04 11:03:51 |w 2025-11-04 |y ARXIU | ||
| 999 | |c 130338 |d 130338 | ||